00373 a2200121 4500020001500000020001800015082002000033100002200053245011100075260003100186300002100217700001300238 a0387282890 a978038728289304a620.004201518251 aMadenci, Erdogan.14aThe finite element method and applications in engineering using ansys® /cErdogan Madenci, Ibrahim Guven. a[S.l.] :bSpringer,c2006. a702 p. ;c25 cm. aGuven, I